İlkçağ felsefesi tarihi (Record no. 10155)

MARC details
000 -BAŞLIK
Sabit Uzunlukta Kontrol Alanı 01265na a2200337 4500
001 - KONTROL NUMARASI
Denetim Alanı 12610
003 - KONTROL NUMARASI IDENTIFIER
Denetim Alanı MIRAKIL
005 - SON İŞLEM TARİHİ VE ZAMANI
Denetim Alanı 20181213155309.0
008 - SABİT-BOY VERİ ELEMANLARI - GENEL BİLGİLER
Sabit Uzunlukta Kontrol Alanı 160825b tu 000 0
020 ## - ULUSLARARASI STANDART KİTAP NUMARASI
Uluslararası Standart Kitap Numarası 9789756176083 (c.5)
020 ## - ULUSLARARASI STANDART KİTAP NUMARASI
Uluslararası Standart Kitap Numarası 9786053990017 (c.3)
035 ## - SİSTEM KONTROL NUMARASI
Sistem Kontrol Numarası 12610
040 ## - KATALOGLAMA KAYNAK
Orijinal Kataloglama Ajansı Milas
Kataloglama Dili tur
Metne Dönüştürmek Ajansı TR-AnCHP
082 ## - DEWEY ONLU SINIFLANDIRMA NUMARASI
Sınıflandırma Numarası 180.9
Ürün Numarası A67i 2007-2010
090 ## - SINIFLAMA NUMARASI
Sınıflama Numarası 180.9 A67i 2007-2010
100 ## - ANA GİRİŞ - KİŞİSEL İSİM
Kişisel Ad Arslan, Ahmet
245 ## - BAŞLIK TABLOSU
Başlık İlkçağ felsefesi tarihi
Sorumluluk Tablosu, Vb Ahmet Arslan
246 ## - UNVAN FORM VARYING
Başlık Doğru / Kısa Başlığı Aristoteles
260 ## - YAYIN, DAĞITIM, VB
Yayın, Dağıtım, Vb Yeri İstanbul
Yayıncı, Dağıtıcı, Vs Adı İstanbul Bilgi Üniversitesi Yayınları
Yayın, Dağıtım, Vb Tarihi 2007-2010
300 ## - FİZİKSEL TANIM
Kapsam c.
Boyutlar 23 sm.
490 ## - SERİSİ TABLOSU
Seri Beyanı Felsefe dizisi
Hacim / Ardışık Tanımı 6,11
490 ## - SERİSİ TABLOSU
Seri Beyanı İstanbul Bilgi Üniversitesi yayınları
Hacim / Ardışık Tanımı 180,316
500 ## - GENEL NOT
Genel Not Kütüphanede sadece 3. ve 5. ciltler bulunmaktadır.
504 ## - KAYNAKÇA VB NOT
Kaynakça Vb Notu Kaynakça ve dizin var.
505 ## - BİÇİMLENDİRİLDİ İÇİNDEKİLER NOT
Biçimlendirilmiş İçeriği Dikkat c.1. Sokrates öncesi yunan felsefesi -- c.2. Sofistlerden Platon'a -- c.3. Aristoteles -- c.4 Helenistik dönem felsefesi: Epikurosçular, stoacılar, septikler. -- c.5. Plotinos, yeni Platonculuk ve erken dönem Hıristiyan felsefesi
650 ## - KONU KATMA GİRİŞ - TOPİKAL DÖNEM
Topikal Süreli Veya Coğrafi Ad Giriş Elemanı Yunan felsefesi
650 ## - KONU KATMA GİRİŞ - TOPİKAL DÖNEM
Topikal Süreli Veya Coğrafi Ad Giriş Elemanı Yunan filozoflar
Genel Alt Bölümü Yaşamöyküsü
650 ## - KONU KATMA GİRİŞ - TOPİKAL DÖNEM
Topikal Süreli Veya Coğrafi Ad Giriş Elemanı İlkçağ felsefesi
Genel Alt Bölümü Tarih
650 ## - KONU KATMA GİRİŞ - TOPİKAL DÖNEM
Topikal Süreli Veya Coğrafi Ad Giriş Elemanı Filozoflar
Genel Alt Bölümü Yaşamöyküsü
942 ## - EKLENDİ GİRİŞ ELEMANLARI (KOHA)
Sınıflandırma Veya Raf Düzeni Kaynak
Koha Öğesi Türü Books
999 ## - SİSTEM KONTROL NUMARALARI (KOHA)
Koha Biblionumber 10155
Koha Biblioitemnumber 10155
Holdings
Kalıcı Konum Mevcut Konum Edinme Tarihi Edinim Kaynak Toplam Check-Out'Lar Tam Çağrı Numarası Barkod Tarih Son Görülme İtibaren Geçerli Fiyatlar Koha Öğesi Türü Seri Numaralandırma / Kronolojik
CHP Kütüphanesi CHP Kütüphanesi 07/28/2016 Bağış   180.9 A67i 2007-2010 000168 07/28/2016 07/28/2016 Books  
CHP Kütüphanesi CHP Kütüphanesi 08/25/2016 Bağış   180.9 A67i 2007-2010 000169 08/25/2016 08/25/2016 Books c.3